Statistics for Gorillaz Charting Songs (Billboard Hot Rock)

Click here to take the quiz!

General Stats

  • This quiz has been taken 48 times
    (11 since last reset)
  • The average score is 20 of 36

Answer Stats

AlbumWeeks OnPeakArtist(s)Song% Correct
Cracker Island16 Weeks#20Gorillaz ft. ThundercatCracker Island
100%
The Now Now11 Weeks#7Gorillaz ft. George BensonHumility
100%
Cracker Island23 Weeks#15Gorillaz ft. Tame Impala & Bootie BrownNew Gold
89%
Humanz15 Weeks#5Gorillaz ft. PopcaanSaturnz Barz
89%
Humanz10 Weeks#9Gorillaz ft. D.R.A.M.Andromeda
78%
Song Machine, Season One: Strange Timez2 Weeks#3Gorillaz ft. slowthai & SlavesMomentary Bliss
78%
Cracker Island1 Week#32Gorillaz ft. Stevie NicksOil
78%
Song Machine, Season One: Strange Timez2 Weeks#33Gorillaz ft. ScHoolboy QPac-Man
78%
Cracker Island2 Weeks#35Gorillaz ft. Adeleye OmotayoSilent Running
78%
Cracker Island6 Weeks#9Gorillaz ft. Bad BunnyTormenta
78%
The Now Now3 Weeks#16GorillazTranz
78%
Song Machine, Season One: Strange Timez1 Week#16Gorillaz ft. Fatoumata DiawaraDesole
67%
The Now Now1 Week#26Gorillaz ft. Snoop Dogg & Jamie PrincipleHollywood
67%
Humanz1 Week#20Gorillaz ft. De La SoulMomentz
67%
Humanz7 Weeks#11Gorillaz ft. Vince StaplesAscension
56%
Humanz1 Week#28Gorillaz ft. Grace JonesCharger
56%
The Now Now1 Week#37GorillazKansas
56%
Humanz6 Weeks#7Gorillaz ft. Mavis Staples & Pusha TLet Me Out
56%
Non-Album Single2 Weeks#22GorillazSleeping Powder
56%
Humanz2 Weeks#22Gorillaz ft. Peven EverettStrobelite
56%
Plastic Beach6 Weeks#39Gorillaz ft. Mos Def & Bobby WomackStylo
56%
Song Machine, Season One: Strange Timez2 Weeks#13Gorillaz ft. Peter Hook & GeorgiaAries
44%
Humanz1 Week#27GorillazBusted and Blue
44%
The Now Now2 Weeks#35GorillazLake Zurich
44%
Humanz1 Week#36Gorillaz ft. Kali UchisShe's My Collar
44%
Song Machine, Season One: Strange Timez1 Week#45Gorillaz ft. BeckValley of the Pagans
44%
Cracker Island2 Weeks#47GorillazBaby Queen
33%
The Now Now2 Weeks#32GorillazFire Flies
33%
Song Machine, Season One: Strange Timez1 Week#49Gorillaz ft. OctavianFriday 13th
33%
Humanz (Deluxe Edition)2 Weeks#18Gorillaz ft. Rag'n'Bone Man, Zebra Katz & RAY BLKThe Apprentice
33%
Humanz6 Weeks#13Gorillaz ft. Jehnny BethWe Got the Power
33%
The Now Now2 Weeks#36GorillazSorcererz
22%
Humanz1 Week#21Gorillaz ft. Danny Brown & KelelaSubmission
22%
Cracker Island1 Week#46GorillazThe Tired Influencer
22%
Humanz1 Week#42Gorillaz ft. Anthony HamiltonCarnival
11%
Humanz1 Week#47Gorillaz ft. Jamie Principle & Zebra KatzSex Murder Party
0%

Score Distribution

Percentile by Number Answered

Percent of People with Each Score

Your Score History

You have not taken this quiz since the last reset